000 00470 a2200133 4500
999 _c10160
_d10160
020 _aNO ISBN
050 _aKTL18BIS1970
245 0 0 _aBisset and Smith's digest of South African Case Law containing the reported decisions of the superior courts in 1970. (Cape Town & Johannesburg) /
_cedited by M.Barnett
264 _aCape Town :
_bJuta and Co,
_c1971
300 _a54p. :
500 _aincludes table of contents
650 _acase law
942 _2lcc
_cBK
_h18
_iBIS
_kKTL